Penguin Breeds - Statistics

General Stats
  • This quiz has been taken 19 times
  • The average score is 7 of 18
Answer Stats
Breeds % Correct
Emperor
100%
Little
82%
King
76%
Blue
71%
Rockhopper
65%
Adelie
59%
Macaroni
59%
Chinstrap
53%
Galapagos
41%
Yellow-eyed
35%
African
29%
Gentoo
29%
Fiordland
18%
Magellanic
18%
Humboldt
12%
Erect-Crested
0%
Royal
0%
Snares
0%
No matching quizzes found
Score Distribution
Percent of People with Each Score
Percentile by Number Answered
Your Score History
You have not taken this quiz